00484nam a2200193 a 4500001001300000003000900013005001700022008004100039020001000080082001300090100001800103245002100121260004000142300000800182500003500190505002000225650002700245700001800272nice12345678IN_TiNIC20260116011359.0050524s1956 khaa grp 000 0 urd  ac10000a233bJAL aJalaluddin, P aMain Mukhtar Hun aKhararbMashal Printing Pressc1956 a30p aincludes index and biblioraphy2 aNoor Aur Sachai aMan-Christian Theology1 aJalaluddin, P